Squadra della stagione della UEFA Champions League - 2016-2017 - Statistics

Statistiche generali
  • Questo quiz è stato fatto 8 volte
  • Il punteggio medio è 16 su 18
Statistiche sulle risposte
Ruolo Nazione Squadra Calciatore % Corretto
Attaccante Portogallo Real Madrid Cristiano Ronaldo
100%
Portiere Italia Juventus Gianluigi Buffon
100%
Attaccante Francia Monaco Kylian Mbappé
100%
Attaccante Argentina Barcellona Lionel Messi
100%
Centrocampista Croazia Real Madrid Luka Modrić
100%
Attaccante Polonia Bayern Monaco Robert Lewandowski
100%
Attaccante Francia Atlético Madrid Antoine Griezmann
88%
Centrocampista Bosnia ed Erzegovina Juventus Bandi Miralem Pjanić
88%
Difensore Spagna Real Madrid Daniel Carvajal
88%
Difensore Uruguay Atlético Madrid Diego Godín
88%
Portiere Slovenia Atlético Madrid Jan Oblak
88%
Difensore Italia Juventus Leonardo Bonucci
88%
Difensore Spagna Real Madrid Sergio Ramos
88%
Centrocampista Germania Real Madrid Toni Kroos
88%
Centrocampista Brasile Real Madrid Casemiro
75%
Centrocampista Spagna Real Madrid Isco
75%
Difensore Brasile Real Madrid Marcelo
75%
Centrocampista Francia Monaco Tiémoué Bakayoko
50%
Nessun quiz corrispondente trovato
Distribuzione punteggi
Percentuale di utenti per punteggio
Percentile per numero di risposta
I tuoi punteggi nel tempo
Non hai fatto questo quiz